000 00857cam a2200253 a 4500
001 000006006
005 20200929151900.0
008 800226s1977 cr b 000 0 spa
035 _a(DLC) 79126074
040 _aDO-SdBNP
_cDLC
_dDLC
_dBNPHU
082 _aH861.3
_bM722t
100 1 _aMolina, Juan Ramón,
_d1875-1908.
_916913
245 1 0 _aTierras, mares y cielos /
_cJuan Ramón Molina ; selección, introducción y notas de Julio Escoto.
260 _aCiudad Universitaria Rodrigo Facio, (Costa Rica) :
_bUniversitaria Centroamericana,
_c1977.
300 _a238 p. ;
_c17 cm.
490 1 _aAula
504 _aBibliografía: p. 229-234.
650 4 _aPoesía hondureña
_916914
650 4 _aLiteratura hondureña
_9836
700 1 _aEscoto, Julio,
_eint.
_916915
830 0 _aAula
_916604
910 _aCatalogación por copia / LC
049 _aBNGR
999 _c5802
_d5802